Image Based Tomato Disease Classification Using Efficientnet A Comparative Study with VGG-16 (Thesis MS) (Record no. 69088)

MARC details
000 -LEADER
fixed length control field 00434nam a22001217a 4500
100 ## - MAIN ENTRY--AUTHOR NAME
Personal name Ameer Mukhtiar
-- 21-MSIT-08
-- Supervisor - Dr. Saima Siraj Soomro
245 ## - TITLE STATEMENT
Title Image Based Tomato Disease Classification Using Efficientnet A Comparative Study with VGG-16 (Thesis MS)
260 ## - PUBLICATION, DISTRIBUTION, ETC. (IMPRINT)
Place of publication Nawabshah
Name of publisher QUEST
Year of publication 2025
300 ## - PHYSICAL DESCRIPTION
Number of Pages 86p.
700 ## - ADDED ENTRY--PERSONAL NAME
Personal name Department of Information Technology
942 ## - ADDED ENTRY ELEMENTS (KOHA)
Koha item type Thesis and Dissertation
Holdings
Withdrawn status Lost status Home library Current library Date acquired Accession Number Koha item type
    Research Section Research Section 29/06/2026 MP/100-1464 Thesis and Dissertation
    Research Section Research Section 29/06/2026 MP/100-1465 Thesis and Dissertation